000 01236cam a2200361 4500
001 J2469
008 090401t1994 xxu||||| |||| 00| 0 eng d
035 _a(Sirsi) u49200
041 _aeng
050 _a711.7509421
110 _aSt Quintin
245 _aMaking tracks: London`s rail projects and office development.
260 _aLondon
_bSt Quintin
_c1994
300 _a28p. : ill.,maps ; 30cm.
350 _a0
520 _aReviews current plans for new rail services and the areas most likely to benefit from improved accessibility. Prospects for the schemes proceeding are assessed (July 1994). Explores the idea that rail developments could act as a catalyst for office development activity in a number of central locations.
650 _aCENTRAL LONDON
650 _aCHANNEL TUNNEL RAIL LINK
650 _aCHELSEA-HACKNEY LINE
650 _aCROSSRAIL
650 _aEUROSTAR
650 _aHEATHROW EXPRESS
650 _aInfrastructure
_96246
650 _aJUBILEE LINE EXTENSION
650 _aLONDON
650 _aOFFICES
650 _aPRIVATE FINANCE INITIATIVE
650 _aRAILWAYS
650 _aTHAMESLINK 2000
690 _aTRANSPORT AND COMMUNICATIONS
942 _n0
948 _c04/03/1997
999 _c92521
_d92521